[Event "British Rapidplay"]
[Site "Peterborough"]
[Date "2024.03.03"]
[Round "11"]
[White "Toma, Katarzyna"]
[Black "Hanache, Kai"]
[Result "0-1"]
[WhiteElo "2201"]
[BlackElo "1998"]
[PlyCount "84"]
[EventDate "2024.03.02"]
[EventType "swiss (rapid)"]
[EventRounds "11"]
[EventCountry "ENG"]
[SourceTitle "CB10_2024"]
[SourceDate "2024.03.06"]
[SourceVersion "1"]
[SourceVersionDate "2024.03.06"]
[SourceQuality "1"]

1. e4 e5 2. Nf3 Nc6 3. Bb5 a6 4. Ba4 Nf6 5. Qe2 b5 6. Bb3 Bc5 7. c3 d6 8. 0-0 0-0 9. Rd1 Bb6 10. d3 h6 11. a4 b4 12. Be3 Bxe3 13. fxe3 Na5 14. Nbd2 Rb8 15. Bc4 d5 16. exd5 bxc3 17. bxc3 Nxd5 18. Ne4 Bf5 19. Rac1 c6 20. Ng3 Bg4 21. h3 Bxf3 22. Qxf3 Qg5 23. Bxd5 cxd5 24. Kh2 Nb3 25. Rc2 Rfd8 26. Rf1 Qg6 27. Nf5 Qg5 28. Rcf2 e4 29. dxe4 dxe4 30. Qxe4 Nd2 31. Ne7+ Kh8 32. Rxd2 Rxd2 33. Rxf7 Rd6 34. Nf5 Rf6 35. Rxf6 Qxf6 36. c4 Rf8 37. Ng3 Qd6 38. Qd4 Qxd4 39. exd4 Rf4 40. d5 Rxc4 41. Nf5 Rxa4 42. d6 Ra3 0-1

[Event "British Rapidplay"]
[Site "Peterborough"]
[Date "2024.03.02"]
[Round "6"]
[White "Mirzoeva, Elmira"]
[Black "Hanache, Kai"]
[Result "1/2-1/2"]
[WhiteElo "2250"]
[BlackElo "1998"]
[PlyCount "111"]
[EventDate "2024.03.02"]
[EventType "swiss (rapid)"]
[EventRounds "11"]
[EventCountry "ENG"]
[SourceTitle "CB10_2024"]
[SourceDate "2024.03.06"]
[SourceVersion "1"]
[SourceVersionDate "2024.03.06"]
[SourceQuality "1"]

1. Nf3 Nf6 2. b3 e6 3. c4 c5 4. Bb2 Be7 5. g3 d5 6. Bg2 d4 7. b4 0-0 8. 0-0 a6 9. d3 Nc6 10. b5 axb5 11. cxb5 Nb4 12. Qb3 Qd5 13. Nxd4 Qxb3 14. Nxb3 Nc2 15. Nc3 Nxa1 16. Rxa1 Rd8 17. Nd2 Nd5 18. Nc4 Bf6 19. Ne4 Bxb2 20. Nxb2 Bd7 21. Nxc5 Bxb5 22. Nxb7 Rdc8 23. Nd6 Rc2 24. Nxb5 Rxb2 25. Nc3 Ra5 26. Nxd5 exd5 27. Rc1 g6 28. Bf3 Kg7 29. a4 h5 30. Rc7 d4 31. Rd7 Rxa4 32. h4 Ra1+ 33. Kg2 Ra4 34. Bd5 Rxe2 35. Rxf7+ Kh6 36. Be4 Raa2 37. Rf6 Kg7 38. Rf4 Ra1 39. Bd5 Ra5 40. Rxd4 Rc5 41. Bf3 Rd2 42. Rd7+ Kh6 43. Be4 Rcc2 44. Rf7 Rb2 45. Rf6 Kg7 46. Rf4 Kh6 47. Rf7 Rbc2 48. Rf8 Kg7 49. Rf4 Kh6 50. d4 Rb2 51. d5 Rb4 52. Kf3 Rb3+ 53. Kg2 Rb4 54. Kf3 Rb3+ 55. Kg2 Rb4 56. Kf3 1/2-1/2

[Event "Cambridge op 2nd"]
[Site "Cambridge"]
[Date "2024.02.22"]
[Round "6"]
[White "Hanache, Kai"]
[Black "Martyn, Rafe"]
[Result "1/2-1/2"]
[WhiteElo "1926"]
[BlackElo "2206"]
[PlyCount "46"]
[EventDate "2024.02.19"]
[EventType "swiss"]
[EventRounds "9"]
[EventCountry "ENG"]
[SourceTitle "CB09_2024"]
[SourceDate "2024.02.28"]
[SourceVersion "1"]
[SourceVersionDate "2024.02.28"]
[SourceQuality "1"]

1. e4 c5 2. Nf3 Nc6 3. d4 cxd4 4. Nxd4 Nf6 5. Nc3 e5 6. Nxc6 bxc6 7. Bc4 Bb4 8. 0-0 0-0 9. Qf3 d6 10. h3 Be6 11. Bd3 Nd7 12. Nd5 Bc5 13. Ne3 Qf6 14. Qg3 Qf4 15. Qxf4 exf4 16. Nf5 g5 17. Ne7+ Kh8 18. Nxc6 Ne5 19. b4 Nxc6 20. bxc5 dxc5 21. Bb2+ f6 22. a3 Ne5 23. Be2 Kg7 1/2-1/2

[Event "Cambridge op 2nd"]
[Site "Cambridge"]
[Date "2024.02.21"]
[Round "5"]
[White "Gasanov, Eldar"]
[Black "Hanache, Kai"]
[Result "1-0"]
[WhiteElo "2494"]
[BlackElo "1926"]
[PlyCount "45"]
[EventDate "2024.02.19"]
[EventType "swiss"]
[EventRounds "9"]
[EventCountry "ENG"]
[SourceTitle "CB09_2024"]
[SourceDate "2024.02.28"]
[SourceVersion "1"]
[SourceVersionDate "2024.02.28"]
[SourceQuality "1"]

1. d4 Nf6 2. c4 g6 3. Nc3 d5 4. Nf3 Bg7 5. Qb3 c6 6. cxd5 cxd5 7. Bg5 e6 8. e3 0-0 9. Bd3 Nc6 10. 0-0 a6 11. Rfc1 h6 12. Bh4 b5 13. Ne5 Ne7 14. a4 bxa4 15. Nxa4 g5 16. Bg3 Nh5 17. Nb6 Rb8 18. Nc6 Rxb6 19. Nxe7+ Kh8 20. Qa3 Nxg3 21. Rxc8 Qd6 22. Qxd6 Rxd6 23. hxg3 1-0

[Event "EU-ch Cities&Town op"]
[Site "Tornelo INT"]
[Date "2023.01.29"]
[Round "?"]
[White "Hanache, Kai"]
[Black "Fragiadakis, Emanouel"]
[Result "0-1"]
[WhiteElo "1394"]
[BlackElo "1714"]
[PlyCount "78"]
[EventDate "2023.01.29"]
[EventType "team-swiss"]
[EventRounds "9"]
[EventCountry "NET"]
[SourceTitle "CBM 212 Extra"]
[Source "ChessBase"]
[SourceDate "2023.03.31"]
[SourceVersion "1"]
[SourceVersionDate "2023.03.31"]
[SourceQuality "1"]
[WhiteTeam "London U18"]
[BlackTeam "Heraklion"]
[WhiteTeamCountry "ENG"]
[BlackTeamCountry "GRE"]

1. e4 c5 2. Nf3 d6 3. d4 cxd4 4. Nxd4 Nf6 5. Nc3 a6 6. Bg5 Nbd7 7. Bd3 h6 8. Bh4 Qc7 9. 0-0 Ne5 10. f4 Nxd3 11. Qxd3 Bd7 12. Rae1 e5 13. Nf5 Be6 14. fxe5 dxe5 15. Nxg7+ Bxg7 16. Bxf6 Bxf6 17. Rxf6 Rd8 18. Nd5 Bxd5 19. exd5 Qc5+ 20. Qe3 Qxe3+ 21. Rxe3 Rxd5 22. Rf5 Rd1+ 23. Kf2 Rd2+ 24. Re2 Rxe2+ 25. Kxe2 Ke7 26. Rxe5+ Kd6 27. Re3 Rg8 28. g3 Rg5 29. Kf3 Rf5+ 30. Kg4 Rf2 31. Rd3+ Ke6 32. Rc3 Rxh2 33. Rc7 Rd2 34. Rxb7 Rxc2 35. Rb6+ Ke7 36. Rxa6 Rxb2 37. a4 Rb4+ 38. Kh5 Rb3 39. g4 Rh3# 0-1

[Event "London Mindsports Blitz"]
[Site "London"]
[Date "2022.09.11"]
[Round "7.4"]
[White "Hanache, Kai"]
[Black "Andal, Edmond"]
[Result "1-0"]
[WhiteElo "1755"]
[BlackElo "2147"]
[PlyCount "33"]
[EventDate "2022.09.11"]
[EventType "swiss (blitz)"]
[EventRounds "9"]
[EventCountry "ENG"]
[SourceTitle "CBM 210 Extra"]
[Source "ChessBase"]
[SourceDate "2022.11.30"]
[SourceVersion "1"]
[SourceVersionDate "2022.11.30"]
[SourceQuality "1"]

1. e4 c5 2. b3 d6 3. Bb2 e5 4. Nf3 Nf6 5. c3 Nxe4 6. d4 exd4 7. cxd4 Qa5+ 8. Nbd2 Be7 9. Bd3 Nxd2 10. Nxd2 0-0 11. 0-0 Bf6 12. Nc4 Qc7 13. dxc5 d5 14. Bxf6 dxc4 15. Bxh7+ Kxh7 16. Qh5+ Kg8 17. Qg5 1-0

[Event "London Mindsports Blitz"]
[Site "London"]
[Date "2022.09.11"]
[Round "9.3"]
[White "Hanache, Kai"]
[Black "Badacsonyi, Stanley Ethan Artie"]
[Result "0-1"]
[WhiteElo "1755"]
[BlackElo "1868"]
[PlyCount "92"]
[EventDate "2022.09.11"]
[EventType "swiss (blitz)"]
[EventRounds "9"]
[EventCountry "ENG"]
[SourceTitle "CBM 210 Extra"]
[Source "ChessBase"]
[SourceDate "2022.11.30"]
[SourceVersion "1"]
[SourceVersionDate "2022.11.30"]
[SourceQuality "1"]

1. e4 e5 2. Nc3 Nf6 3. f4 d5 4. fxe5 Nxe4 5. Qf3 f5 6. exf6 Nxf6 7. d4 c6 8. Bg5 Be7 9. 0-0-0 0-0 10. Qd3 Ng4 11. Bxe7 Qxe7 12. Nh3 Bf5 13. Qg3 Qe3+ 14. Qxe3 Nxe3 15. Re1 Nxc2 16. Ne2 Nxe1 17. Kd2 Bxh3 18. Kxe1 Bg4 19. h3 Bxe2 20. Bxe2 Nd7 21. Kd2 Rae8 22. Bg4 Nf6 23. Bf3 Ne4+ 24. Kc2 Rxf3 25. gxf3 Ng5 26. f4 Ne6 27. Rf1 Nxd4+ 28. Kd3 Nf5 29. Rg1 Re3+ 30. Kd2 Rxh3 31. Rg5 g6 32. Rg1 Rf3 33. Re1 Rxf4 34. Re8+ Kg7 35. Rb8 Rb4 36. Kc3 c5 37. a3 d4+ 38. Kc2 Rb6 39. Kd3 Rxb2 40. Kc4 b5+ 41. Kxc5 d3 42. Rb7+ Kh6 43. Rd7 d2 44. a4 Ne3 45. axb5 d1Q 46. Re7 Qd5# 0-1

[Event "London Mindsports Blitz"]
[Site "London"]
[Date "2022.09.11"]
[Round "4.6"]
[White "Hanache, Kai"]
[Black "Pollack, Oscar"]
[Result "1-0"]
[WhiteElo "1755"]
[BlackElo "1877"]
[PlyCount "71"]
[EventDate "2022.09.11"]
[EventType "swiss (blitz)"]
[EventRounds "9"]
[EventCountry "ENG"]
[SourceTitle "CBM 210 Extra"]
[Source "ChessBase"]
[SourceDate "2022.11.30"]
[SourceVersion "1"]
[SourceVersionDate "2022.11.30"]
[SourceQuality "1"]

1. e4 e6 2. d4 d5 3. Nd2 h6 4. c3 c5 5. Ngf3 Nc6 6. Bb5 Nge7 7. 0-0 a6 8. Bd3 Ng6 9. exd5 Nf4 10. dxc6 Nxd3 11. Ne4 Nxc1 12. Rxc1 cxd4 13. Nxd4 Be7 14. cxb7 Bxb7 15. Qa4+ Kf8 16. Rcd1 Qb6 17. Ng3 g6 18. Rfe1 Kg7 19. Qd7 Rhe8 20. Nxe6+ Kg8 21. Nc7 Bc6 22. Nd5 Qc5 23. Nxe7+ Rxe7 24. Qxe7 Qb5 25. Rd8+ Rxd8 26. Qxd8+ Kg7 27. Qd4+ Kh7 28. Re7 Bd5 29. h3 Be6 30. a4 Qc6 31. Ne4 h5 32. Ng5+ Kh6 33. Qf6 Qd5 34. Re8 Qd1+ 35. Kh2 Qd6+ 36. f4 1-0

[Event "London Mindsports Blitz"]
[Site "London"]
[Date "2022.09.11"]
[Round "8.1"]
[White "Large, Peter G"]
[Black "Hanache, Kai"]
[Result "1-0"]
[WhiteElo "2064"]
[BlackElo "1755"]
[PlyCount "85"]
[EventDate "2022.09.11"]
[EventType "swiss (blitz)"]
[EventRounds "9"]
[EventCountry "ENG"]
[SourceTitle "CBM 210 Extra"]
[Source "ChessBase"]
[SourceDate "2022.11.30"]
[SourceVersion "1"]
[SourceVersionDate "2022.11.30"]
[SourceQuality "1"]

1. Nf3 d5 2. b3 Nc6 3. e3 e5 4. Bb5 Bd6 5. Bb2 f6 6. c4 Nge7 7. Nc3 Be6 8. cxd5 Nxd5 9. Bxc6+ bxc6 10. 0-0 0-0 11. Ne4 Be7 12. Rc1 Bf5 13. Qc2 Kh8 14. a3 Bg4 15. Qxc6 Bxf3 16. gxf3 f5 17. Nc5 Bxc5 18. Rxc5 Qg5+ 19. Kh1 Ne7 20. Qe6 Qh5 21. Bxe5 Qxf3+ 22. Kg1 Rae8 23. Rxc7 Qg4+ 24. Bg3 Qg5 25. f4 Qf6 26. Qxf6 Rxf6 27. Kf2 Rd6 28. d4 Nd5 29. Rxa7 Nxe3 30. Re1 Ng4+ 31. Kf3 Red8 32. h3 Nf6 33. Bh4 Rxd4 34. Bxf6 gxf6 35. Re3 Rd3 36. a4 R3d4 37. a5 Rb4 38. Rc3 Rbd4 39. a6 Re8 40. Re3 Red8 41. Rb7 Rd1 42. a7 Rf1+ 43. Ke2 1-0

[Event "Hammersmith CC op"]
[Site "London"]
[Date "2022.06.05"]
[Round "4"]
[White "Hanache, Kai"]
[Black "Ratnesan, Radha"]
[Result "1/2-1/2"]
[WhiteElo "1565"]
[BlackElo "1712"]
[PlyCount "111"]
[EventDate "2022.06.04"]
[EventType "swiss"]
[EventRounds "6"]
[EventCountry "ENG"]
[SourceTitle "CBM 208 Extra"]
[Source "ChessBase"]
[SourceDate "2022.07.31"]
[SourceVersion "1"]
[SourceVersionDate "2022.07.31"]
[SourceQuality "1"]

1. e4 e6 2. Nf3 d5 3. Nc3 Nf6 4. exd5 exd5 5. d4 Bd6 6. Bg5 c6 7. Qd2 Bf5 8. 0-0-0 0-0 9. Bd3 Bxd3 10. Qxd3 Nbd7 11. Rde1 Qc7 12. Bxf6 Nxf6 13. Ne5 Rfe8 14. f4 Nd7 15. Qf5 Nxe5 16. fxe5 Bb4 17. Rhf1 Bxc3 18. bxc3 Qe7 19. g4 Qe6 20. h4 Qxf5 21. gxf5 g6 22. f6 h5 23. Rg1 Re6 24. Kd2 b6 25. Kc1 Rc8 26. Rg5 Kh7 27. Kb2 c5 28. c4 Rd8 29. Rd1 dxc4 30. d5 Ree8 31. Kc1 Rf8 32. e6 fxe6 33. dxe6 Rxd1+ 34. Kxd1 Rxf6 35. Re5 Rf8 36. Rd5 Re8 37. Rd7+ Kh6 38. e7 Kg7 39. Rxa7 Kf7 40. Rb7 Rxe7 41. Rxb6 Re6 42. Rb5 Rc6 43. Rb8 Kf6 44. Rf8+ Ke5 45. Kd2 Rf6 46. Re8+ Kd6 47. Kc3 Rf4 48. Rg8 Rxh4 49. Rxg6+ Kc7 50. a4 Rg4 51. Rh6 h4 52. a5 Kb7 53. Rh5 Kc6 54. a6 Kb6 55. a7 Kxa7 56. Rxc5 1/2-1/2

[Event "Hammersmith CC op"]
[Site "London"]
[Date "2022.06.04"]
[Round "1"]
[White "Georgiev, Ivan Georgiev"]
[Black "Hanache, Kai"]
[Result "1-0"]
[WhiteElo "2010"]
[BlackElo "1565"]
[PlyCount "48"]
[EventDate "2022.06.04"]
[EventType "swiss"]
[EventRounds "6"]
[EventCountry "ENG"]
[SourceTitle "CBM 208 Extra"]
[Source "ChessBase"]
[SourceDate "2022.07.31"]
[SourceVersion "1"]
[SourceVersionDate "2022.07.31"]
[SourceQuality "1"]

1. e4 e5 2. Nf3 Nc6 3. Bb5 a6 4. Ba4 b5 5. Bb3 Nf6 6. Qe2 Bc5 7. c3 0-0 8. 0-0 d6 9. d3 Bg4 10. Rd1 h6 11. Nbd2 d5 12. exd5 Nxd5 13. Qe4 Nce7 14. Qxg4 f5 15. Qh4 Kh8 16. Nxe5 f4 17. Ne4 Bb6 18. d4 Qd6 19. Nxd6 cxd6 20. Bxd5 Nxd5 21. Ng6+ Kg8 22. Nxf8 Rxf8 23. Re1 b4 24. Qh5 Nc7 1-0

[Event "Hammersmith CC op"]
[Site "London"]
[Date "2022.06.04"]
[Round "3"]
[White "Hertog, Alexander"]
[Black "Hanache, Kai"]
[Result "1-0"]
[WhiteElo "1798"]
[BlackElo "1565"]
[PlyCount "175"]
[EventDate "2022.06.04"]
[EventType "swiss"]
[EventRounds "6"]
[EventCountry "ENG"]
[SourceTitle "CBM 208 Extra"]
[Source "ChessBase"]
[SourceDate "2022.07.31"]
[SourceVersion "1"]
[SourceVersionDate "2022.07.31"]
[SourceQuality "1"]

1. Nf3 Nf6 2. e3 e6 3. c4 c5 4. b3 b6 5. Bb2 Bb7 6. Be2 Be7 7. 0-0 0-0 8. d4 d5 9. cxd5 exd5 10. Nbd2 Nc6 11. Ne5 Rc8 12. Ndf3 Qc7 13. Rc1 Rfd8 14. Nxc6 Qxc6 15. dxc5 bxc5 16. Nd4 Qd7 17. Bb5 Qg4 18. Qxg4 Nxg4 19. Nf5 Bf8 20. h3 Nf6 21. Nh6+ gxh6 22. Bxf6 Rd6 23. Be5 Re6 24. Bb2 Rd8 25. Ba3 a6 26. Be2 Rc6 27. Rfd1 Rcc8 28. Bf3 Kh8 29. Rc2 Rc7 30. Rdc1 Rdc8 31. Bg4 Re8 32. Bxc5 Bxc5 33. Rxc5 Rxc5 34. Rxc5 Re7 35. Bf3 Rd7 36. Rc2 f5 37. Rd2 Rc7 38. Rd4 Rd7 39. Rf4 Rf7 40. Kh2 Kg7 41. Be2 Rf6 42. Bd3 Bc8 43. Rd4 Rd6 44. f3 Kf6 45. Kg3 Ke5 46. Rb4 d4 47. exd4+ Rxd4 48. Rxd4 Kxd4 49. Bc4 Kc3 50. Kf4 Kb2 51. a4 a5 52. Ke5 Bd7 53. Kd6 Be8 54. Be6 Kc3 55. Ke5 Bg6 56. f4 h5 57. Bxf5 Kxb3 58. Bd7 Kb4 59. f5 Bf7 60. Kf6 Bd5 61. Kg7 Kc5 62. f6 Kd6 63. Be8 Ke5 64. f7 Bxf7 65. Bxf7 h4 66. Kxh7 Kf4 67. Kh6 Kg3 68. Bd5 Kf4 69. Kh5 Kf5 70. Kxh4 Kg6 71. Kg4 Kf6 72. Kf4 Kg7 73. Ke5 Kf8 74. Kd6 Ke8 75. Bf3 Kd8 76. Kc6 Kc8 77. Kb6 Kd7 78. Kxa5 Ke6 79. Kb6 Kf5 80. Kb7 Kf4 81. a5 Kg3 82. a6 Kh2 83. a7 Kh1 84. a8Q Kh2 85. Qg8 Kh1 86. Qa2 Kh2 87. Qf2 Kh1 88. g4# 1-0

[Event "Wch U10 blitz"]
[Site "Rhodes"]
[Date "2022.05.03"]
[Round "4"]
[White "Pawlicz, Filip"]
[Black "Hanache, Kai"]
[Result "0-1"]
[WhiteElo "1385"]
[BlackElo "1644"]
[PlyCount "50"]
[EventDate "2022.05.03"]
[EventType "swiss (blitz)"]
[EventRounds "9"]
[EventCountry "GRE"]
[SourceTitle "CBM 208 Extra"]
[Source "ChessBase"]
[SourceDate "2022.07.31"]
[SourceVersion "1"]
[SourceVersionDate "2022.07.31"]
[SourceQuality "1"]

1. e4 e5 2. Nf3 Nc6 3. Bb5 Nf6 4. Qe2 a6 5. Ba4 b5 6. Bb3 Bb7 7. c3 Bc5 8. a4 0-0 9. 0-0 d6 10. Rd1 Na5 11. Bc2 Nc4 12. d3 Nb6 13. a5 Nbd7 14. d4 exd4 15. cxd4 Ba7 16. Bg5 Re8 17. e5 dxe5 18. dxe5 Bxf3 19. Qxf3 Nxe5 20. Qg3 Qe7 21. Re1 Nf3+ 22. gxf3 Qxe1+ 23. Kg2 Bxf2 24. Qxc7 Qg1+ 25. Kh3 Qf1# 0-1

[Event "Wch U10 rapid"]
[Site "Rhodes"]
[Date "2022.05.01"]
[Round "2"]
[White "Hanache, Kai"]
[Black "Filindash, Nikita"]
[Result "1-0"]
[WhiteElo "1561"]
[BlackElo "1360"]
[PlyCount "93"]
[EventDate "2022.05.01"]
[EventType "swiss (rapid)"]
[EventRounds "9"]
[EventCountry "GRE"]
[SourceTitle "CBM 208 Extra"]
[Source "ChessBase"]
[SourceDate "2022.07.31"]
[SourceVersion "1"]
[SourceVersionDate "2022.07.31"]
[SourceQuality "1"]

1. e4 e6 2. d4 d5 3. exd5 exd5 4. Bd3 Bd6 5. Nf3 Nc6 6. 0-0 Nge7 7. c3 0-0 8. Re1 f6 9. h3 Bf5 10. Bxf5 Nxf5 11. Qd3 Qd7 12. Be3 Rae8 13. Nbd2 Nxe3 14. Rxe3 Bf4 15. Ree1 Rxe1+ 16. Rxe1 Re8 17. Rxe8+ Qxe8 18. Qf5 Bd6 19. Qxd5+ Kf8 20. Ne4 Qe7 21. Nh4 g6 22. Nf3 Nd8 23. Nxd6 cxd6 24. Kf1 Ne6 25. Qe4 Qd7 26. h4 Kf7 27. h5 Qb5+ 28. Kg1 Qxb2 29. hxg6+ hxg6 30. Nh4 f5 31. Qe3 Qb1+ 32. Kh2 g5 33. d5 Nf4 34. Nf3 Kf6 35. Qe8 Qe4 36. Qf8+ Kg6 37. Qg8+ Kf6 38. Qxg5+ Kf7 39. Qh4 Kg7 40. Qd8 Nxd5 41. Qxd6 Qf4+ 42. Qxf4 Nxf4 43. Nd4 Kf6 44. Kg3 Nd5 45. Ne2 b5 46. Kf3 Ke5 47. Nd4 1-0

[Event "Wch U10 rapid"]
[Site "Rhodes"]
[Date "2022.05.01"]
[Round "5"]
[White "Sarthak, Deshpande"]
[Black "Hanache, Kai"]
[Result "1-0"]
[WhiteElo "1046"]
[BlackElo "1561"]
[PlyCount "131"]
[EventDate "2022.05.01"]
[EventType "swiss (rapid)"]
[EventRounds "9"]
[EventCountry "GRE"]
[SourceTitle "CBM 208 Extra"]
[Source "ChessBase"]
[SourceDate "2022.07.31"]
[SourceVersion "1"]
[SourceVersionDate "2022.07.31"]
[SourceQuality "1"]

1. d4 d5 2. c4 e6 3. Nf3 a6 4. g3 dxc4 5. Bg2 Nf6 6. Ne5 c5 7. e3 cxd4 8. exd4 Bb4+ 9. Nc3 Nd5 10. Qf3 Qc7 11. 0-0 Bxc3 12. bxc3 0-0 13. Ba3 Re8 14. Bd6 Qd8 15. Qxf7+ Kh8 16. Qf3 Kg8 17. Qf7+ Kh8 18. Bxd5 exd5 19. Qxd5 Be6 20. Qxe6 Rxe6 21. Nf7+ Kg8 22. Nxd8 Rxd6 23. Nxb7 Rd7 24. Nc5 Rc7 25. Rfe1 Kf7 26. Rab1 Nd7 27. Nxd7 Rxd7 28. Rb6 a5 29. Rc6 Rb7 30. Re2 a4 31. Rxc4 a3 32. Rb4 Rxb4 33. cxb4 Ra4 34. Re3 Rxb4 35. Rxa3 Rxd4 36. Ra7+ Kg6 37. a4 Rd1+ 38. Kg2 Ra1 39. a5 Ra2 40. a6 Rb2 41. Ra8 Ra2 42. a7 Kg5 43. Kh3 Ra3 44. f4+ Kg6 45. Kg4 Ra4 46. h4 Kh6 47. h5 Ra5 48. Rb8 Rxa7 49. Rb6+ g6 50. hxg6 hxg6 51. f5 Rg7 52. Kh4 Kh7 53. Rxg6 Rf7 54. Kg5 Ra7 55. g4 Ra4 56. Rh6+ Kg7 57. f6+ Kf7 58. Rh7+ Kf8 59. Kf5 Ra5+ 60. Kg6 Ke8 61. Rh8+ Kd7 62. f7 Ra6+ 63. Kg7 Ra7 64. f8Q Ke6+ 65. Kg6 Re7 66. Qxe7+ 1-0

[Event "ENG-ch U10"]
[Site "Milton Keynes"]
[Date "2021.10.03"]
[Round "7"]
[White "Hanache, Kai"]
[Black "Rida, Ruqayyah"]
[Result "1-0"]
[WhiteElo "1547"]
[BlackElo "1261"]
[PlyCount "53"]
[EventDate "2021.10.02"]
[EventType "swiss"]
[EventRounds "7"]
[EventCountry "ENG"]
[SourceTitle "EXT 2023"]
[Source "ChessBase"]
[SourceDate "2022.10.05"]
[SourceVersion "1"]
[SourceVersionDate "2022.10.05"]
[SourceQuality "1"]

1. e4 e5 2. Nf3 Nc6 3. Bc4 Bc5 4. c3 Nf6 5. d4 exd4 6. cxd4 Bb4+ 7. Nc3 Bxc3+ 8. bxc3 Nxe4 9. d5 Ne7 10. Qd4 Nf6 11. Bg5 Ng6 12. d6 cxd6 13. Qxd6 h6 14. Be3 Ne7 15. Qg3 0-0 16. Bd3 Kh8 17. 0-0 b6 18. Qh4 Bb7 19. Bxh6 Ng6 20. Bxg6 fxg6 21. Bg5+ Kg8 22. Bxf6 Qxf6 23. Ng5 Rfc8 24. Rae1 Bd5 25. Qh7+ Kf8 26. Qh8+ Bg8 27. Nh7+ 1-0

[Event "ENG-ch U10"]
[Site "Milton Keynes"]
[Date "2021.10.03"]
[Round "6"]
[White "Steiners, Emils"]
[Black "Hanache, Kai"]
[Result "1-0"]
[WhiteElo "1427"]
[BlackElo "1547"]
[PlyCount "63"]
[EventDate "2021.10.02"]
[EventType "swiss"]
[EventRounds "7"]
[EventCountry "ENG"]
[SourceTitle "EXT 2023"]
[Source "ChessBase"]
[SourceDate "2022.10.05"]
[SourceVersion "1"]
[SourceVersionDate "2022.10.05"]
[SourceQuality "1"]

1. e4 e5 2. Nf3 Nc6 3. d4 exd4 4. c3 dxc3 5. Nxc3 d6 6. Bc4 Bg4 7. Qb3 Na5 8. Bxf7+ Ke7 9. Bg5+ Nf6 10. Qa4 Kxf7 11. Qxa5 Be7 12. Nd2 Re8 13. 0-0 b6 14. Qa4 Kf8 15. Nb3 Qd7 16. Qd4 h6 17. Bh4 a5 18. f4 Nxe4 19. Bxe7+ Rxe7 20. Nxe4 Rae8 21. Ng3 a4 22. Nd2 Qc6 23. Rac1 Qb7 24. f5 Be2 25. f6 Rf7 26. fxg7+ Kg8 27. Rxf7 Kxf7 28. Nxe2 Kg8 29. Rf1 c5 30. Rf8+ Rxf8 31. gxf8Q+ Kxf8 32. Qh8+ 1-0

[Event "ENG-ch U10"]
[Site "Milton Keynes"]
[Date "2021.10.02"]
[Round "4"]
[White "Bryant, Harry"]
[Black "Hanache, Kai"]
[Result "0-1"]
[WhiteElo "1225"]
[BlackElo "1547"]
[PlyCount "104"]
[EventDate "2021.10.02"]
[EventType "swiss"]
[EventRounds "7"]
[EventCountry "ENG"]
[SourceTitle "EXT 2023"]
[Source "ChessBase"]
[SourceDate "2022.10.05"]
[SourceVersion "1"]
[SourceVersionDate "2022.10.05"]
[SourceQuality "1"]

1. e4 c6 2. d4 d5 3. e5 c5 4. c3 Nc6 5. Nf3 Bg4 6. Bd3 Bxf3 7. gxf3 cxd4 8. cxd4 Nxd4 9. Be3 Nc6 10. Qa4 e6 11. Nd2 Nge7 12. Rc1 a6 13. Bc5 b5 14. Qf4 Rc8 15. Bd6 g6 16. Qf6 Rg8 17. Nb3 Bg7 18. Qf4 h5 19. Nc5 Qa5+ 20. Kf1 Rh8 21. Bxe7 Nxe7 22. Nb7 Rxc1+ 23. Qxc1 Qb6 24. Nd6+ Kd7 25. Nxf7 Rf8 26. Ng5 Bxe5 27. Qc2 Rc8 28. Qe2 Qd4 29. Nf7 Bf6 30. Kg2 Rf8 31. Nh6 Bg5 32. Rd1 Qb6 33. a4 Bxh6 34. axb5 a5 35. Re1 Nf5 36. Bxf5 Rxf5 37. Qd3 Bf4 38. Qc3 Rg5+ 39. Kf1 Qxb5+ 40. Re2 Re5 41. Qc2 Qxe2+ 42. Qxe2 Rxe2 43. Kxe2 Bxh2 44. Kd3 Be5 45. Ke3 Bxb2 46. f4 a4 47. Kf3 a3 48. Kg3 a2 49. f5 a1Q 50. f6 Qg1+ 51. Kh3 Be5 52. Kh4 Qg4# 0-1